Statistiques concernant Quiz Expert Asie

Cliquez ici pour prendre le quiz!

Statistiques générales

  • Ce quiz a été pris 116 fois
  • Le résultat moyen est 12 sur 20

Statistiques - réponses

Pays d'Asie...Réponse% Correct
Le plus GrandChine
96%
Le plus PeupléChine
94%
Le plus au SudIndonésie
93%
Le plus à l'EstJapon
91%
Le plus au NordKazakhstan
85%
Le plus à l'OuestTurquie
81%
Etant situé en dessous de l'Equateur (3 réponses possibles)Indonésie
77%
Ayant un drapeau pas carré, ni rectangleNépal
72%
Ayant un monument sur son drapeauCambodge
61%
Etant dans l'Union EuropéenneChypre
61%
Le plus riche par habitantQatar
60%
Le dernier d'asie par ordre alphabétiqueYemen
56%
Le plus PetitMaldives
54%
Le moins PeupléBrunei
46%
Meilleur IDHSingapour
37%
Etant le plus récent (en terme de date d'indépendance)Timor Oriental
35%
Le moins élevé (altitude moyenne)Maldives
28%
Le moins riche par habitantAfghanistan
26%
Le plus élevé (altitude moyenne)Tadjikistan
23%
Trouve au hasardKoweit
9%

Distribution des résultats

Percentile par nombre de réponses

% des personnes avec chaque résultat

Votre développement - résultats

Vous n’avez pas pris ce quiz